000 01356nam a2200241Ia 4500
003 OSt
005 20210610111313.0
008 210310s1977 ck ad gr 000 0 spa d
040 _aCO-JMCR
_cCO-JMCR
041 0 _aspa
082 0 4 _a333.7932 /
_bC787d
_223
100 1 _aCoral Martínez, José Ignacio,
_916057
_eautor
245 1 3 _aLa demanda de energía eléctrica en Colombia /
_cpor José Ignacio Coral Martínez
260 _aBogotá :
_bUniversidad de los Andes : CEDE,
_c1977
300 _av, 270 páginas :
_bilustraciones y gráficas a blanco y negro ;
_c27 cm.
490 0 _aDocumento CEDE ;
_v040
504 _aBibliografía: páginas 265-270
505 0 _aTesis, objeto y utilidad de este estudio -- La demanda y la oferta de energía --Precios de la energía -- Cálculo de los precios de la energía -- Usuarios y consumos por rangos de energía -- Estimación de la demanda de energía -- Ejemplo de estimación de la demanda de energía eléctrica -- Modelos de la demanda con rezagos distribuidos -- Estudio de la demanda de energía mediante cortes transversales -- Influencia del ingreso sobre el gasto en energía eléctrica
650 1 4 _aEnergía eléctrica
_916059
_xProducción
_zColombia
650 2 4 _aEnergía eléctrica
_xConsumo
_938300
650 2 4 _aEnergía eléctrica
_xEconometría
_zColombia
_938301
942 _2ddc
_cBK
999 _c8004
_d8004